000
00272nam a2200133Ia 4500
100
_a
Nandini K Jog
942
_c
BK
654
_a
logic
245
_a
Logic circuits
260
_b
Suneeti Jog
_a
Pune
_c
1995
082
_a
621.395
_b
PAN
300
_a
413
546
_a
ENGLISH
999
_c
23725
_d
23725